Quiz Liverpool FC / Niveau Difficile - Statistiques

Statistiques générales
  • Ce quiz a été pris 59 fois
  • Le résultat moyen est 9 sur 20
Statistiques - réponses
Question Réponse % Correct
En quelle année fut fondée le club du Liverpool Football club ? 1892
76%
Le 7 mai 2019, quel joueur néerlandais fut l'auteur d'un doublé lors du match retour légéndaire contre le Fc Barcelone en demi finale de la LDC ? Georginio Wijnaldum
76%
En quelle année Jurgen Klopp arriva-t'il sur le banc des Reds 2015
74%
A quel club appartient ce stade ? Everton
72%
Qui était le gardien de Liverpool ce jour là, auteur notamment de 2 arrêts déterminants lors de la séance de tirs aux buts ? Jerzy Dudek
72%
Quelle équipe Liverpool battu en finale de LDC cette même année ? Tottenham
72%
Qui est le meilleur buteur de l'histoire de Liverpool ? Ian Rush
64%
Quel club dirigeait-t'il avant Liverpool et Dortmund ? (2001-2008) Mayence
62%
Comment se nomme le stade se situant à quelques pas d'Anfield ? Goodison Park
60%
Comment surnomme-t-on la finale de Ligue des Champions 2005, durant laquelle Liverpool a réalisée l'une des "remontada" les plus spectaculaires de l'histoire du football ? Le Miracle d'Istanbul
60%
En quelle année l'équipe de Liverpool gagna pour la première fois la Coupe d'Europe (aujourd'hui Ligue des Champions) 1977
46%
Quel célèbre entraineur était à la tête du LFC durant leur ascension fulgurante en première division dans les années 60s Bill Shankly
36%
Combien de titres de Premier League a Liverpool (en lettres) Un
36%
Quelle est la capacité d'Anfield ? (à 1000 places près) 61 000
32%
Dans quelle ville eu lieu le terrible Drame du Heysel, en 1985 ? Bruxelles
32%
Quelle équipe affrontait Liverpool le jour de la catastrophe d'Hillsborough, le 15 avril 1989 Nottingham Forest
16%
Quelle société est propriétaire du club depuis 2010 ? Fenway sports group
12%
Quel groupe de rock britannique reprit la chanson "You Will Never Walk Alone" en 1963, qui demeure l'hymne du club encore de nos jours ? Garry and the Pacemakers
10%
Quel est le nom de celui qui fonda le club ? John Houlding
4%
Qui fut le premier manager du club ? John McKenna
0%
Aucun quiz correspondant
Distribution des résultats
% des personnes avec chaque résultat
Percentile par nombre de réponses
Votre historique - résultats
Vous n’avez pas pris ce quiz